000 00768nam a22002177a 4500
999 _c16120
_d16120
003 AR-CdUCM
008 190328b ||||| |||| 00| 0 spa d
040 _aMUNICIPALIDAD PROVINCIAL DEL CUSCO
_cBIBLIOTECA MUNICIPAL DEL CUSCO
082 _a923.2 /
_bT82
_24ed.
100 _aTrotsky, León
_925802
245 _aEl pensamiento vivo de Carlos Marx /
260 _aBuenos Aires :
_bLosada,
_c1940.
300 _a242 páginas ;
_c19 cm.
440 _aBiblioteca del pensamiento vivo
_935409
505 _aContenido: El pensamiento vivo de Karl Marx, Por Leon Trotsky -- ¿Que ofrecemos al lector? -- El método de Marx ...
650 _aBiografías
_9148
650 _aIdeología
_91109
650 _aMarx
_94291
942 _2ddc
_cLIBROS
945 _arah
_d02/05/2019